02024nam a2200265Ia 4500008004100000040001800041041002600059245001900085260004800104300001000152500032700162508032600489511036800815546005001183650002001233650002301253650005801276650007501334650005301409700004401462700003601506710002101542765010601563856008901669130821s1944 xx gs mul  aCo-BoUCMbspa00aspa°aeng°apor°afre10aHenry Vc[DVD] a[Lugar desconocido]bTwo Cities Filmsc1944 a1 DVD aSINOPSIS: El joven rey Enrique V, poco después de su coronación, desea recuperar algunos territorios en poder de Francia. Ante la imposibilidad de llegar a un acuerdo con el monarca francés, lleva a sus soldados a Agincourt, donde, en una feroz batalla, se impondrá la valentía y la sabiduría del rey inglés. aCREDITOS: Director, Laurence Olivier; Guión: Laurence Olivier, Alan Dent, según la obra de Shakespeare; Producción: Dallas Coger, Eagle-Lion y Two Cities Films; Productor: Laurence Olivier y Filippo del Giudice; Fotografía: Robert Krasker y Jack Hildyard; Montaje Reginald Beck; Música original, William Walton. aLeslie Banks, Felix Aylmer, Robert Helpmann, Vernon Greeves, Gerald Case, Griffith Jones, Morland Graham, Nicholas Hannen, Michael Warre, Laurence Olivier, Ralph Truman, Ernest Thesiger, Roy Emerton, Robert Newton, Freda Jackson, George Cole, George Robey, Harcourt Williams, Russell Thorndike, Leo Genn, Francis Lister, Max Adrian, Jonathan Field, Esmond Knight. aAudio en Inglés. Subtítulos en Español.04aEntretenimiento04aLiteratura europea04aLiteratura inglesavVersiones cinematográficasvDVD04aPelículas cinematográficasvDVDvVersiones cinematográficasvDVD04aPelículas cinematográficaszReino UnidovDVD1 aOlivier, Laurence Kerrd1907-1989edir.1 aShakespeare, Williamd1564-16162 aTwo Cities Films 4aThe Chronicle History of King Henry the Fift with His Battell Fought at Agincourt in France (Henry V)04uhttp://www.youtube.com/watch?v=K_xaHuelVj8zSiga este vínculo para ver el trailer.